Breakthrough scientific research as an engine of science (Запись № 12548411)

Подробности
000 -МАРКЕР
контрольное поле 02120nam0a2200373 4500
001 - ИДЕНТИФИКАТОР ЗАПИСИ
контрольное поле RU\NLR\BIBL_A\012890115
005 - ИДЕНТИФИКАТОР ВЕРСИИ
контрольное поле 20250624214245.0
010 ## - МЕЖДУНАРОДНЫЙ СТАНДАРТНЫЙ НОМЕР КНИГИ (ISBN)
Номер (ISBN) 978-5-907582-06-4
Тираж 500
021 ## - НОМЕР ГОСУДАРСТВЕННОЙ РЕГИСТРАЦИИ
Код страны российская федерация
Номер 2022-49382
Номер Листа государственной регистраци КН-П-4284
035 ## - ДРУГИЕ СИСТЕМНЫЕ НОМЕРА
Идентификатор записи (RuMoRGB)011157762
035 ## - ДРУГИЕ СИСТЕМНЫЕ НОМЕРА
Идентификатор записи (NLR Aleph) 012890115
100 ## - ДАННЫЕ ОБЩЕЙ ОБРАБОТКИ
Данные общей обработки 20220916d2022 |||y0rusy50 ca
101 0# - ЯЗЫК РЕСУРСА
Язык текста, звукозаписи и т.д. английский
-- русский
102 ## - СТРАНА ПУБЛИКАЦИИ ИЛИ ПРОИЗВОДСТВА
Страна публикации российская федерация
105 ## - ПОЛЕ КОДИРОВАННЫХ ДАННЫХ: ТЕКСТОВЫЕ МАТЕРИАЛЫ, МОНОГРАФИЧЕСКИЕ
Кодированные данные о монографическом текстовом документе a z 100zy
200 1# - ЗАГЛАВИЕ И СВЕДЕНИЯ ОБ ОТВЕТСТВЕННОСТИ
Основное заглавие Breakthrough scientific research as an engine of science
Сведения, относящиеся к заглавию collection of articles based on the results of International scientific and practical conference 19 April 2022, Omsk
Первые сведения об ответственности Agency of international research
Последующие сведения об ответственности [responsible editor: Sukiasyan A.A.]
210 ## - ПУБЛИКАЦИЯ, РАСПРОСТРАНЕНИЕ И ДР.
Место издания, распространения и т.д. Sterlitamak
Имя издателя, распространителя и т. д. Agency of international research
Дата издания, распространения и т.д. 2022
215 ## - ФИЗИЧЕСКАЯ ХАРАКТЕРИСТИКА
Специфическое обозначение материала и объем 209 с.
Другие сведения о физической характеристике ил.
Размеры 21
300 ## - ОБЩИЕ ПРИМЕЧАНИЯ
Текст примечания Текст ст. на англ. и рус. яз.
320 ## - ПРИМЕЧАНИЯ О НАЛИЧИИ В ДОКУМЕНТЕ БИБЛИОГРАФИИ / УКАЗАТЕЛЯ
Текст примечания Библиогр. в конце ст.
330 ## - РЕЗЮМЕ ИЛИ РЕФЕРАТ
Текст примечания Научное издание предназначено для всех, проявляющих интерес к рассматриваемой проблематике с целью использования в научной работе, педагогической и учебной деятельности
541 1# - ПЕРЕВОД ЗАГЛАВИЯ, СДЕЛАННЫЙ КАТАЛОГИЗАТОРОМ
Заглавие Прорывные научные исследования как двигатель науки
606 1# - НАИМЕНОВАНИЕ ТЕМЫ КАК ПРЕДМЕТ
Наименование темы Научные конференции
Формальный подзаголовок Сборники
Географический подзаголовок Омск, город
Системный номер авторитетной/нормативной записи 2464585
Идентификатор авторитетной/нормативной записи RU\NLR\AUTH\661464211
675 ## - УНИВЕРСАЛЬНАЯ ДЕСЯТИЧНАЯ КЛАССИФИКАЦИЯ (UDC/УДК)
Индекс 082
Издание 4
686 1# - ИНДЕКСЫ ДРУГИХ КЛАССИФИКАЦИЙ
Индекс Я431(2Р-4Ом-2О)
702 #1 - ИМЯ ЛИЦА - ВТОРИЧНАЯ ОТВЕТСТВЕННОСТЬ
Код отношения Редактор
Графика поля Латинская
Материалы, к которым относится поле rus
Начальный элемент ввода Sukiasjan
Часть имени, кроме начального элемента ввода A. A.
Дополнения к именам, кроме дат канд. экон. наук
Расширение инициалов личного имени Asatur Al'bertovič
Системный номер авторитетной/нормативной записи 253328
Идентификатор авторитетной/нормативной записи RU\NLR\AUTH\770253384
711 12 - НАИМЕНОВАНИЕ ОРГАНИЗАЦИИ - АЛЬТЕРНАТИВНАЯ ОТВЕТСТВЕННОСТЬ
Графика поля Латинская
Материалы, к которым относится поле eng
Начальный элемент ввода "Breakthrough scientific research as an engine of science", international scientific and practical conference
Место проведения временной организации Omsk
Дата проведения временной организации 2022
Системный номер авторитетной/нормативной записи 815258
Идентификатор авторитетной/нормативной записи RU\NLR\AUTH\880574575
712 02 - НАИМЕНОВАНИЕ ОРГАНИЗАЦИИ - ВТОРИЧНАЯ ОТВЕТСТВЕННОСТЬ
Код отношения Издающая организация
Графика поля Латинская
Материалы, к которым относится поле eng
Начальный элемент ввода Agency of international research
Идентифицирующий признак Sterlitamak
Системный номер авторитетной/нормативной записи 763673
Идентификатор авторитетной/нормативной записи RU\NLR\AUTH\880549072
942 ## - ДОПОЛНИТЕЛЬНЫЕ ЭЛЕМЕНТЫ ЗАПИСИ (АБИС)
Тип экземпляра АБИС Книга
980 ## - КОЛЛЕКЦИЯ
Название коллекции Национальная библиография
Экземпляры
Тип экземпляра Дата поступления Источник поступления Библиотека постоянного хранения Библиотека текущего хранения Место хранения Шифр хранения Штрих-код Статус не для выдачи
Книга 16.09.2022 Обязательный экземпляр РНБ (Московский) РНБ (Московский) Иностранный книжный фонд Ик 2022-3/480 1-3977399  
Книга 16.09.2022 Обязательный экземпляр РНБ (Московский) РНБ (Московский) Обменный фонд, иностранный   1-3977400